LEADER 01149nam a2200265 4500 001 000000343851 003 CaOOAMICUS 005 20210126152901.0 008 210120s2020 it a 000 u ita r 020 $a978-88-6671-769-0 040 $aSeMil$bita 100 1 $aNoviello, Massimiliano.$0(OLS)http://semarc/name/112826 245 10$aDon Carlo De Ambrogio :$bapostolo dei Tre Amori: l'eucaristia, la Madonna, il papa /$cMassimiliano Noviello. 264 1$aGorle :$bVelar,$c2020. 300 $a61 p. :$bill. ;$c21 cm 541 0 $aOmaggio mons. Mario Delpini (3G II 505) 600 14$aDe Ambrogio, Carlo .$0(OLS)http://semarc/subject/34835 850 $aSeMil 852 $aSeMil$W1$xVenegono$y1$m3G II 505$j223767$B234910$CSeMilBibl$Z2$F234910 $81 941 1 $a7 961 $aOmaggio mons. Mario Delpini 996 $6020$a978-88-6671-769-0$9(OLS)http://semarc/number/292122 996 $6245$aDon Carlo De Ambrogio :$bapostolo dei Tre Amori: l'eucaristia, la Madonna, il papa$9(OLS)http://semarc/title/432895 996 $6264$aGorle :$bVelar$9(OLS)http://semarc/publisher/33489 LEADER 01563nam a2200349 4500 001 000000344153 003 CaOOAMICUS 005 20210215164347.0 008 210203s2004 sp 000 u spa r 020 $a84-89788-31-6 040 $aSeMil$bita 100 0 $aPaulus VI,$c.$0(OLS)http://semarc/name/803 245 10$aPablo 6. cita a San Agustín :$bapuntes del Papa Montini : (1954-1978) /$c[introduccion, traduccion y notas] Gonzalo Díaz, Stefania Miscioscia . 264 1$aMadrid :$bEdiciones Escurialenses,$c2004. 300 $a375 p. ;$c23 cm 500 $aIn cop.: En memoria del p. Carlo Cremona 541 0 $aFondo mons. Pasquale Macchi (3A III 337) 650 4$aPaolo VI - Studi - Sant'Agostino.$0(OLS)http://semarc/subject/33262 700 1 $aDíaz, Gonzalo.$0(OLS)http://semarc/name/96245 700 1 $aMiscioscia, Stefania.$0(OLS)http://semarc/name/112975 850 $aSeMil 852 $aSeMil$W1$xVenegono$y1$m3A III 337$j223976$B235183$CSeMilBibl$Z2$F235183 $81 900 1 $aMontini, Giovanni Battista,$d<1897-1978>. 900 0 $aPaolo VI$c. 941 1 $a8 961 $aFondo mons. Pasquale Macchi 996 $6020$a84-89788-31-6$9(OLS)http://semarc/number/292291 996 $6245$aPablo 6. cita a San Agustín :$bapuntes del Papa Montini : (1954-1978)$9(OLS)http://semarc/title/433229 996 $6264$aMadrid :$bEdiciones Escurialenses$9(OLS)http://semarc/publisher/59529